[Event "Hanoi op (Women)"]
[Site "Hanoi"]
[Date "2022.08.23"]
[Round "4"]
[White "Huynh, Ngoc Thuy Linh"]
[Black "Phung, Phuong Nguyen"]
[Result "1-0"]
[WhiteElo "1776"]
[BlackElo "1529"]
[PlyCount "75"]
[EventDate "2022.08.20"]
[EventType "swiss"]
[EventRounds "9"]
[EventCountry "VIE"]
[SourceTitle "CBM 209 Extra"]
[Source "ChessBase"]
[SourceDate "2022.09.30"]
[SourceVersion "1"]
[SourceVersionDate "2022.09.30"]
[SourceQuality "1"]

1. d4 Nf6 2. Nf3 g6 3. Bf4 Bg7 4. Nbd2 0-0 5. e4 d6 6. c3 c5 7. h3 cxd4 8. cxd4 e6 9. Bd3 Nc6 10. 0-0 e5 11. Be3 exd4 12. Nxd4 Re8 13. Nxc6 bxc6 14. Qc2 Bb7 15. Qb3 Qd7 16. a4 d5 17. f3 a5 18. Rfd1 Ba6 19. Bxa6 Rxa6 20. Qd3 Raa8 21. Nb3 Qb7 22. e5 Nd7 23. f4 Reb8 24. Nc5 Nxc5 25. Bxc5 Bf8 26. Bxf8 Kxf8 27. Rac1 Rc8 28. Rc2 Qb4 29. f5 Qxa4 30. fxg6 hxg6 31. Rf2 Qe4 32. Qg3 Ra7 33. Rf4 Qc2 34. Rdf1 Re8 35. Qg5 Qc5+ 36. Kh1 Re6 37. Rh4 Ke8 38. Rh8+ 1-0

[Event "VIE-ch U17 Girls"]
[Site "Ho Chi Minh City"]
[Date "2022.07.15"]
[Round "7"]
[White "Bui, Ngoc Phuong Nghi"]
[Black "Phung, Phuong Nguyen"]
[Result "1/2-1/2"]
[WhiteElo "2085"]
[BlackElo "2080"]
[PlyCount "84"]
[EventDate "2022.07.11"]
[EventType "swiss"]
[EventRounds "9"]
[EventCountry "VIE"]
[SourceTitle "EXT 2023"]
[Source "ChessBase"]
[SourceDate "2022.10.05"]
[SourceVersion "1"]
[SourceVersionDate "2022.10.05"]
[SourceQuality "1"]

1. d4 Nf6 2. Nf3 g6 3. Bf4 Bg7 4. c4 0-0 5. Nc3 d5 6. e3 Bf5 7. Bd3 Bxd3 8. Qxd3 dxc4 9. Qxc4 c6 10. 0-0 Nbd7 11. h3 Nb6 12. Qe2 Nbd5 13. Bh2 Rc8 14. e4 Nb6 15. Rad1 Qd7 16. Rfe1 Rcd8 17. e5 Nfd5 18. e6 fxe6 19. Qxe6+ Qxe6 20. Rxe6 Nxc3 21. bxc3 Bf6 22. Bc7 Rd7 23. Bxb6 axb6 24. Nd2 Kf7 25. Re2 b5 26. Ne4 b6 27. Rde1 Rc8 28. Nxf6 exf6 29. Re6 Rcc7 30. Re8 c5 31. Rb8 cxd4 32. cxd4 Rxd4 33. Rxb6 Ra4 34. Re2 Rca7 35. Rxb5 Rxa2 36. Re3 R2a5 37. Rb8 Re5 38. Rc3 Re8 39. Rb4 Ree7 40. Rf3 Kg7 41. Kh2 Reb7 42. Rbf4 f5 1/2-1/2

[Event "VIE-ch U17 Girls"]
[Site "Hanoi"]
[Date "2022.06.15"]
[Round "6"]
[White "Nguyen, Thien Ngan"]
[Black "Phung, Phuong Nguyen"]
[Result "1-0"]
[WhiteElo "2082"]
[BlackElo "2078"]
[PlyCount "65"]
[EventDate "2022.06.11"]
[EventType "swiss"]
[EventRounds "7"]
[EventCountry "VIE"]
[SourceTitle "EXT 2023"]
[Source "ChessBase"]
[SourceDate "2022.10.05"]
[SourceVersion "1"]
[SourceVersionDate "2022.10.05"]
[SourceQuality "1"]

1. e4 c5 2. Nf3 Nc6 3. d4 cxd4 4. Nxd4 Nf6 5. Nc3 e5 6. Ndb5 d6 7. Bg5 Be7 8. Bxf6 gxf6 9. Nd5 Be6 10. Nbc7+ Kf8 11. Nxa8 Qxa8 12. Nc7 Qd8 13. Nxe6+ fxe6 14. Bc4 Kf7 15. Qh5+ Kg7 16. Bxe6 Qf8 17. h4 Qe8 18. Qxe8 Rxe8 19. Bd7 Rg8 20. c3 Kf7 21. g3 Nb8 22. Bf5 Rd8 23. Bxh7 d5 24. exd5 Rxd5 25. Be4 Rd7 26. Rd1 Rxd1+ 27. Kxd1 b6 28. h5 Kg7 29. h6+ Kh8 30. h7 Nd7 31. Bf5 Nf8 32. Rh4 a5 33. Rg4 1-0

[Event "VIE-ch U17 Girls"]
[Site "Hanoi"]
[Date "2022.06.14"]
[Round "5"]
[White "Bui, Ngoc Phuong Nghi"]
[Black "Phung, Phuong Nguyen"]
[Result "1/2-1/2"]
[WhiteElo "2081"]
[BlackElo "2078"]
[PlyCount "71"]
[EventDate "2022.06.11"]
[EventType "swiss"]
[EventRounds "7"]
[EventCountry "VIE"]
[SourceTitle "EXT 2023"]
[Source "ChessBase"]
[SourceDate "2022.10.05"]
[SourceVersion "1"]
[SourceVersionDate "2022.10.05"]
[SourceQuality "1"]

1. d4 Nf6 2. Nf3 g6 3. c4 Bg7 4. Nc3 0-0 5. Bf4 d6 6. e3 Bf5 7. Be2 c5 8. h3 Nc6 9. 0-0 Ne4 10. Bd3 Nxc3 11. bxc3 Bxd3 12. Qxd3 cxd4 13. cxd4 e5 14. Bh2 Re8 15. Qd1 exd4 16. exd4 d5 17. Rc1 Re4 18. Qb3 dxc4 19. Qxb7 Re6 20. Ng5 Rf6 21. Ne4 Re6 22. Ng5 Rf6 23. Nxf7 Rxf7 24. Qxc6 Rc8 25. Qe4 Qxd4 26. Qe6 Qc5 27. Bg3 Qc6 28. Qxc6 Rxc6 29. Rfe1 Rb7 30. Be5 Bxe5 31. Rxe5 Kf7 32. Re3 Re7 33. Rec3 Re4 34. f3 Rd4 35. Re3 Rd2 36. Rec3 1/2-1/2

[Event "VIE-ch U17 Girls"]
[Site "Hanoi"]
[Date "2022.06.12"]
[Round "2"]
[White "Phung, Phuong Nguyen"]
[Black "Nguyen, Ngan Ha"]
[Result "1/2-1/2"]
[WhiteElo "2078"]
[BlackElo "2085"]
[PlyCount "60"]
[EventDate "2022.06.11"]
[EventType "swiss"]
[EventRounds "7"]
[EventCountry "VIE"]
[SourceTitle "EXT 2023"]
[Source "ChessBase"]
[SourceDate "2022.10.05"]
[SourceVersion "1"]
[SourceVersionDate "2022.10.05"]
[SourceQuality "1"]

1. e4 c5 2. Nf3 d6 3. c3 Nf6 4. Be2 Nc6 5. d4 cxd4 6. cxd4 d5 7. e5 Ne4 8. 0-0 Bg4 9. h3 Bh5 10. Nc3 Nxc3 11. bxc3 e6 12. Rb1 Qc7 13. Qb3 Rb8 14. Ba3 Be7 15. Bxe7 Qxe7 16. Bb5 Qc7 17. Nd2 0-0 18. f4 Bg6 19. Rbe1 Rfc8 20. Re3 a6 21. Bd3 Na5 22. Qa3 Bxd3 23. Rxd3 Nc4 24. Nxc4 Qxc4 25. Rg3 Rc7 26. f5 exf5 27. Rxf5 Rd8 28. Kh2 Kh8 29. Rgf3 Kg8 30. Qa5 Rdc8 1/2-1/2